Indice general del Boletín de las leyes y decretos del gobierno de Chile: que comprende todas las leyes y disposiciones supremas dictadas en la República de Chile y publicadas en esa obra desde 1810 hasta la actualidad

Saved in:
Bibliographic Details
Main Authors: Lazo, Santiago (Author), Márquez N., Narciso (Author)
Format: Book
Language:Spanish
Published: Santiago Cervantes 1905
Subjects:
Tags: Add Tag
No Tags, Be the first to tag this record!

MARC

LEADER 00000nam a2200000 a 4500
001 UCR0595
003 CL-VaPUC
008 971205e19050000CL |||||||||||||||||spa|d
082 0 4 |a 348.026  |b LAZ  |2 21 
100 |a Lazo, Santiago  |e author  |9 403986 
700 0 |a Márquez N., Narciso  |e author  |9 396470 
245 1 0 |a Indice general del Boletín de las leyes y decretos del gobierno de Chile: que comprende todas las leyes y disposiciones supremas dictadas en la República de Chile y publicadas en esa obra desde 1810 hasta la actualidad 
300 |a 2 t 
942 |c BK 
945 |d 19971205 00:00:00  |a cmena 
260 |a Santiago  |b Cervantes  |c 1905 
600 0 7 |a BOLETIN DE LAS LEYES Y DECRETOS  |2 CL-VaPUC  |9 396471 
650 7 |a LEGISLACION  |2 CL-VaPUC  |9 396472 
650 7 |a DECRETOS  |2 CL-VaPUC  |9 309678 
650 7 |a DERECHO CHILENO  |2 CL-VaPUC  |9 396473 
650 0 |a Estado y derecho  |9 255403 
650 0 |a Ìndices  |9 258316 
650 7 |a DOCUMENTOS SECUNDARIOS  |2 CL-VaPUC  |9 395145 
651 7 |a CHILE  |2 CL-VaPUC  |9 396474 
583 |a last modification  |c 19971205 00:00:00  |k Rodrigo Vera 
999 |c 264094  |d 264092 
952 |0 0  |1 0  |4 0  |6 348_026000000000000_LAZ_1905  |7 0  |8 DER_HDC  |9 293712  |a BIBDER  |b BIBDER  |d 2019-11-19  |h t.1  |i 1914901  |o 348.026 LAZ 1905  |p 1914901  |r 2023-01-25  |w 2019-11-19  |x Ubicación 4to Piso  |y BK_X  |z Estos recursos deben solicitarse con anticipación  |k DER